000 00793nam1a22002291i 4500
001 v19\rc\1213856
005 20260407121943.0
035 _a(NLR Aleph) 005195671
090 _a5257738
_c5257738
100 _a20060306d1872 |||a0rusy50 ca
101 0 _arus
102 _aRU
105 _a z |||||
200 1 _aВоинский устав о строевой пехотной службе
210 _aСанкт-Петербург
_cВоенная типография
_d1872
215 _d14
740 1 _aРоссия
_tВоенные уставы и наставления
_3RU\NLR\AUTH\889957977
_9412039
801 0 _aRU
_bNLR
_c20060306
_gpsbo
801 1 _aRU
_bProSoft-M
_c20060306
_2rusmarc
801 2 _aRU
_bNLR
_c20100531
_2rusmarc
852 _aNLR
_jШифры разные
942 _cBOOK